00321nam a2200121Ia 45000010005000000080041000050820028000461000039000742450019001132600024001329010028001569990015001844085241024s9999 xx 000 0 und d aRD/336.97293/D598p/2016 aDirección General de Presupuesto 0a[*SIN TITULO*] bSanto Domingoc2016 a13/4/2016 11:29:43 a.m. c9653d9653